| 000 | 00437nam a22001577a 4500 | ||
|---|---|---|---|
| 005 | 20230119121834.0 | ||
| 008 | 200225b xxu||||| |||| 00| 0 eng d | ||
| 020 | _a978-81-239-1765-8 | ||
| 041 | _aeng | ||
| 100 |
_aPAKLE,AMRITA _96777 |
||
| 245 | _aVIVA -VOCE INORGANIC AND PHARMACEUTICAL CHEMISTRY FOR B.PHARMA D.PHARMA | ||
| 260 |
_aNEW DELHI _bCBS |
||
| 300 | _a88p, | ||
| 650 |
_aPHARMACY _xB.PHARMA & D.PHARMA _97472 |
||
| 942 | _cBK | ||
| 999 |
_c6036 _d6034 |
||